01068nam a2200253 i 4500003000900000005001700009007000300026008004100029020001500070040003000085082001300115100004500128245007100173246001900244264004500263300002900308336002700337337003400364338002800398490002800426490003300454500006500487520026200552DO-SdBNP20240701150829.0ta240422s2001 dr 000 j spa d a9993481709 aDO-SdBNPbspacBNPHUerda 4bU15h222 aUbiñas Renville, Guaroa,d1944-eautor13aLa historia y leyenda de Mamá Tingo /cGuaroa Ubiñas Renville 10aMamá Tingó 1aSanto Domingo :bLetra Gráfica,c2001. a12 páginas ; c21 cm. 2rdacontentatextobtxt 2rdamediaasin mediación bn 2rdacarrieravolumenbnc aLeyendas dominicanasv2 a historias, mitos y leyendas aIncluye datos biografícos del autor en la contracubierta.  aLa historia y leyenda de Mamá Tingo es un relato arraigado en la cultura popular de la República Dominicana. Mamá Tingo es un personaje legendario que representa la lucha y la resistencia de las mujeres campesinas contra la opresión y la injusticia.